000 00890cam a2200301 a 4500
001 59709
003 CO-BoRNBP
005 20251029192327.0
007 ta
008 931025s1981 sp jr 00011 spa d
020 _a84726430260
040 _ala
_cla
041 0 _aspa
043 _ae-it---
082 0 4 _aI853.91
_bA54a
_219 ed.
100 1 _aAnguissola, Giana,
_d1906-1966.
_966404
245 1 4 _aLos animales al principio del mundo /
_cGiana Anguissola ; dibujos de Marcel ; traducción Beatriz de Moura.
250 _a2a. ed.
300 _a103 p. ;
_c18 cm.
336 _2rdacontent
_atexto
_btxt
337 _2rdamedia
_asin mediación
_bn
338 _2rdacarrier
_avolumen
_bnc
650 7 _aCuentos infantiles italianos.
_2BLAAUTO
_94586
700 0 _aMarcel,
_eil.
_966405
700 1 _aMoura, Beatriz de,
_d1939-
_etr.
_966406
942 _2ddc
_cBK
949 _an
_bn
999 _c59709
_d59709